Im Namen meiner Schwester

Saved in:  
Bibliographic Details
Main Author: Benai͏̈ssa, Nabela (Author)
Format: Print Book
Language:German
Published: Bremen Atlantik 1999
In:Year: 1999
Edition:1. Aufl.
Check availability: HBZ Gateway
Subito Delivery Service: Order now.
Keywords:

MARC

LEADER 00000cam a2200000 c 4500
001 254785735
003 DE-627
005 20220505120745.0
007 tu
008 990215s1999 gw ||||| 00| ||ger c
015 |a 99,N09,0139  |2 dnb 
015 |a 00,A12,0546  |2 dnb 
016 7 |a 955686881  |2 DE-101 
020 |a 3926529261  |c  : ca. DM 25.00, ca. sfr 23.00, ca. S 180.00 (kart.)  |9 3-926529-26-1 
035 |a (DE-627)254785735 
035 |a (DE-576)077696395 
035 |a (DE-599)GBV254785735 
035 |a (OCoLC)76000040 
040 |a DE-627  |b ger  |c DE-627  |e rakwb 
041 |a ger 
044 |c XA-DE 
084 |a 19  |a 14  |2 sdnb 
084 |a PH 8200  |2 rvk  |0 (DE-625)rvk/136494: 
100 1 |a Benai͏̈ssa, Nabela  |4 aut 
240 1 0 |a Au nom de ma soeur <dt.> 
245 1 0 |a Im Namen meiner Schwester  |c Nabela Banai͏̈ssa. Hrsg. von Schattenriss e.V. Aus dem Franz. von Andrea Fiedler. Mit einem Nachw. von Julia und Peter Murakami 
250 |a 1. Aufl. 
263 |a kart. : ca. DM 25.00, ca. sfr 23.00, ca. S 180.00 
264 1 |a Bremen  |b Atlantik  |c 1999 
300 |a 143 S  |c 21 cm 
336 |a Text  |b txt  |2 rdacontent 
337 |a ohne Hilfsmittel zu benutzen  |b n  |2 rdamedia 
338 |a Band  |b nc  |2 rdacarrier 
583 1 |a Archivierung prüfen  |c 20200919  |f DE-640  |z 1  |2 pdager 
655 7 |a Erlebnisbericht  |0 (DE-588)4133254-4  |0 (DE-627)105681490  |0 (DE-576)209642378  |2 gnd-content 
689 0 0 |d g  |0 (DE-588)4005406-8  |0 (DE-627)106381814  |0 (DE-576)208860592  |a Belgien  |2 gnd 
689 0 1 |d s  |0 (DE-588)4036871-3  |0 (DE-627)104253827  |0 (DE-576)209020989  |a Mädchen  |2 gnd 
689 0 2 |d s  |0 (DE-588)4040235-6  |0 (DE-627)106224611  |0 (DE-576)209038853  |a Mord  |2 gnd 
689 0 |5 DE-101 
700 1 2 |a Benai͏̈ssa, Nabela  |t Au nom de ma soeur <dt.> 
935 |a mkri 
935 |i Blocktest 
936 r v |a PH 8200  |b Historische Kriminalprozesse, einzelne Kriminalfälle; Selbstdarstellungen von Verbrechen; Kriminalität / Berichterstattung, Gerichtsberichterstattung ( s.a. PH 4520)  |k Rechtswissenschaft  |k Strafrecht, Strafverfahrensrecht, Kriminologie  |k Kriminologie  |k Kriminalität und Kriminalpolitik  |k Historische Kriminalprozesse, einzelne Kriminalfälle; Selbstdarstellungen von Verbrechen; Kriminalität / Berichterstattung, Gerichtsberichterstattung ( s.a. PH 4520)  |0 (DE-627)1271647184  |0 (DE-625)rvk/136494:  |0 (DE-576)201647184 
951 |a BO 
ELC |b 1 
LOK |0 000 xxxxxcx a22 zn 4500 
LOK |0 001 3095623054 
LOK |0 003 DE-627 
LOK |0 004 254785735 
LOK |0 005 19990526000000 
LOK |0 008 990526||||||||||||||||ger||||||| 
LOK |0 040   |a DE-Frei85  |c DE-627  |d DE-Frei85 
LOK |0 852   |a DE-Frei85 
LOK |0 852 1  |m p  |9 00 
LOK |0 938   |k p 
LOK |0 939   |a 26-05-99  |b l01 
ORI |a SA-MARC-krimdoka001.raw